000 00715nam a2200241 4500
008 b xx# fre u
010 _a43090
020 _a2240003286
020 _a9782240003287
040 _aLB-BrCRDP
082 _a371.4/C484d
100 1 _aCharpentier, Jacky
130 0 _lFR
245 1 0 _aDe l'orientation au projet de l'élève
_cJacky Charpentier, Bernard Collin et Edith Scheurer
260 _aParis
_bHachette
_c1993
300 _a124p. ;
_c19 cm
490 0 _aRessources formation : enjeux du système éducatif
500 _aBibliogr. à fin du vol.
650 _aOrientation scolaire
650 _aProjet éducatif
942 _cBK
999 _c10672
_d10672